| 000 -LEADER |
| fixed length control field |
00535nam a2200205Ia 4500 |
| 001 - CONTROL NUMBER |
| control field |
2767 |
| 003 - CONTROL NUMBER IDENTIFIER |
| control field |
GE_BSU |
| 005 - DATE AND TIME OF LATEST TRANSACTION |
| control field |
20200227110105.0 |
| 008 - FIXED-LENGTH DATA ELEMENTS--GENERAL INFORMATION |
| fixed length control field |
181216s2005||||enk|||||||||||||| ||eng|| |
| 020 ## - INTERNATIONAL STANDARD BOOK NUMBER |
| International Standard Book Number |
9994077198 |
| 040 ## - CATALOGING SOURCE |
| Transcribing agency |
GE_BSU |
| 041 ## - LANGUAGE CODE |
| Language code of text/sound track or separate title |
eng |
| Language code of original |
geo |
| 080 ## - UNIVERSAL DECIMAL CLASSIFICATION NUMBER |
| Universal Decimal Classification number |
591(479.22) G-27 |
| 100 ## - MAIN ENTRY--PERSONAL NAME |
| Personal name |
Gavashelishvili, Lexo |
| 9 (RLIN) |
7540 |
| 245 ## - TITLE STATEMENT |
| Title |
Vultures of Georgia and the Caucasus. |
| 264 ## - PRODUCTION, PUBLICATION, DISTRIBUTION, MANUFACTURE, AND COPYRIGHT NOTICE |
| Place of production, publication, distribution, manufacture |
Tbilisi, |
| Date of production, publication, distribution, manufacture, or copyright notice |
2005 |
| 300 ## - PHYSICAL DESCRIPTION |
| Extent |
96 p. |
| 653 ## - INDEX TERM--UNCONTROLLED |
| keyword |
საქართველო და კავკასია |
| 942 ## - ADDED ENTRY ELEMENTS (KOHA) |
| Koha item type |
წიგნი |
| Source of classification or shelving scheme |
|